Counties of Missouri - Statistics

General Stats
  • This quiz has been taken 17 times
  • The average score is 33 of 114
Answer Stats
Answer % Correct
St. Louis
83%
Greene
67%
Jackson
67%
Lincoln
67%
Madison
67%
Monroe
67%
Montgomery
67%
Polk
67%
St. Charles
67%
Warren
67%
Washington
67%
Boone
50%
Cass
50%
Clark
50%
Franklin
50%
Johnson
50%
Osage
50%
Ozark
50%
Pike
50%
Taney
50%
Adair
33%
Audrain
33%
Bates
33%
Benton
33%
Buchanan
33%
Cape Girardeau
33%
Cedar
33%
Clinton
33%
Cole
33%
Daviess
33%
Gasconade
33%
Harrison
33%
Henry
33%
Iron
33%
Jefferson
33%
Lafayette
33%
Miller
33%
Mississippi
33%
Morgan
33%
New Madrid
33%
Newton
33%
Perry
33%
Phelps
33%
Pulaski
33%
Ralls
33%
Ray
33%
Scott
33%
St. Clair
33%
Ste. Genevieve
33%
Stone
33%
Texas
33%
Webster
33%
Wright
33%
Andrew
17%
Atchison
17%
Barry
17%
Bollinger
17%
Butler
17%
Caldwell
17%
Callaway
17%
Camden
17%
Carroll
17%
Chariton
17%
Christian
17%
Clay
17%
Crawford
17%
Dade
17%
Dallas
17%
DeKalb
17%
Dent
17%
Douglas
17%
Dunklin
17%
Gentry
17%
Grundy
17%
Hickory
17%
Holt
17%
Howard
17%
Howell
17%
Jasper
17%
Knox
17%
Lawrence
17%
Lewis
17%
Linn
17%
Livingston
17%
Macon
17%
Maries
17%
Marion
17%
McDonald
17%
Mercer
17%
Moniteau
17%
Nodaway
17%
Oregon
17%
Pemiscot
17%
Pettis
17%
Platte
17%
Putnam
17%
Randolph
17%
Reynolds
17%
Ripley
17%
Saline
17%
Schuyler
17%
Scotland
17%
Shannon
17%
Shelby
17%
St. Francois
17%
Stoddard
17%
Sullivan
17%
Vernon
17%
Wayne
17%
Worth
17%
Barton
0%
Carter
0%
Cooper
0%
Laclede
0%
No matching quizzes found
Score Distribution
Percent of People with Each Score
Percentile by Number Answered
Your Score History
You have not taken this quiz